La música en el Renacimiento - Estadísticas

Estadísticas generales
  • Esta prueba ha sido intentada 32 veces
  • La puntuación promedio es 7 de 44
Estadísticas de respuestas
Pregunta Respuesta % Correcto
Durante el Renacimiento temprano ya no se componen canciones profanas polifónicas, siguiendo los modelos de las formes fixes: Falso
60%
El maestro de capilla ejercía labores de: Todas las demás respuestas son correctas.
60%
Las capillas musicales podrían estar conformadas por: Cantores (niños y adultos), ministriles, maestro de capilla y organista.
40%
Para los humanistas del Renacimiento, la música estaba ahí, formaba parte del cosmos o de la creación; y los seres humanos la recogían para transmitirla o percibirla. Falso
40%
. Algunas de las nuevas ideas La música está hecha para el placer
40%
Los nobles del Renacimiento pueden incluso componer música, tocar instrumentos, cantar y danzar Verdadero
40%
Uno de los compositores más importantes de la 4ª Generación franco-flamenca fue: Adrian Willaert
20%
¿Quién fue el autor de una publicación que se convirtió en guía de comportamiento social en numerosos países europeos, y que incluía las cualidades que el cortesano debía tener relativas a la música? Baldessare Castiglione
20%
Una de las principales figuras de la música renacentista en España fue: Cristóbal de Morales
20%
En las misas sobre cantus firmus que se compusieron a partir de 1420: El cantus firmus se colocaba en el tenor
20%
El instrumento de tecla más importante, tanto en la música religiosa como en la profana durante el Renacimiento es: El Órgano
20%
Durante el Renacimiento, el contacto con las fuentes directas de la música de la antigüedad permite un verdadero “renacimiento” de esta en la música práctica de la época. Falso
20%
Durante el Renacimiento presenciamos por primera vez la presencia de los órganos en las catedrales como instrumento de apoyo artístico al culto Falso
20%
El paso de la Edad Media al Renacimiento es tan evidente en la música como en las artes plásticas Falso
20%
El Concilio de Trento prohibió la música polifónica, pues su empleo en la composición de misas profanaba la liturgia y no permitía que se entendiese el texto Falso
20%
8. Durante el Renacimiento, la guitarra era considerada el instrumento principal para la interpretación en salones aristocráticos. Falso
20%
Durante el Renacimiento, se mantiene el modelo de aristócrata de la Edad Media, que es el de la nobleza guerrera y rural. Falso
20%
Los organistas de las catedrales eran puestos de escaso prestigio, a los que la solo accedían personas de estratos sociales bajos de la sociedad Falso
20%
Uno de los compositores más importantes de la 1ª Generación franco-flamenca fue Guillaume Dufay
20%
El compositor más importante entre los ingleses de la primera mitad del s. XV fue: John Dunstable
20%
Algunas de las nuevas ideas del Renacimiento son: La música es un lenguaje
20%
Uno de los compositores más importantes de la 5ª Generación franco-flamenca fue Orlando di Lasso
20%
Durante el renacimiento: Surgen una serie de ideas que acaban con algunos puntos principales del pensamiento medieval
20%
Durante el renacimiento, se desechará las teorías musicales anteriores, creando una visión completamente diferente de la música Verdadero
20%
El motete isorrítmico continúa cultivándose en el s. XV Verdadero
20%
Los nobles del Renacimiento viven en las ciudades, tienen una vida social activa y participan en diversas actividades culturales Verdadero
20%
Durante el Renacimiento, se piensa que la influencia que ejerce la música no depende ya de su estructura armónica, sino de la intención retórica del músico. Verdadero
20%
Durante el renacimiento se siguen componiendo misas polifónicas. Verdadero
20%
La Reforma que se inició con Martín Lutero: Dio ligar a nuevos tipos de música religiosa, como el coral, el anthem o el service
0%
Durante el Renacimiento no existen muestras de una práctica musical instrumental autónoma. Falso
0%
Durante el renacimiento, los instrumentos polifónicos podrían interpretar piezas polifónicas de origen vocal, pero no existían piezas compuestas específicamente para el instrumento. Falso
0%
¿Quién de las siguientes figuras fue un teórico fundamental del s. XVI? Francisco de Salinas
0%
El compositor más eminente de la música sacra del s. XVI, que cultivó un estilo que quedó como modelo para la música religiosa de su tiempo, fue: Giovanni Pierluigi da Palestrina
0%
Los compositores _____ de comienzos del s. XV aportaron el gusto por la homofonía y las nuevas armonías de terceras y sextas. Ingleses
0%
Uno de los compositores más importantes de la 2º generación franco-flamenca fue: Johannes Ockeghem
0%
Uno de los compositores más importantes de la 3º generación franco-flamenca fue: Josquin des Prez.
0%
. Frente al estilo internacional que crearon los compositores en el s. XV, en el s. XVI florecieron de nuevo los estilos nacionales. Aparecieron géneros y formas característicos de las diferentes regiones lingüísticas, como: La frottola
0%
¿Quién de las siguientes figuras está relacionada con la imprenta musical? Ottaviano Petrucci
0%
Desde 1420 hasta finales del s. XVI, el panorama musical europeo estuvo dominado por compositores nacidos o formados en Países Bajos y sus alrededores.
0%
La notación para instrumentos específicos se denomina: Tablatura
0%
Durante la primera mitad del s. XV, los músicos de la corte de Borgoña desempeñaron un papel importante en el desarrollo de: Un estilo musical internacional.
0%
Durante el renacimiento, se abandona el concepto medieval que planteaba la música como algo “útil”, de forma que la música se puede escuchar simplemente por el placer que proporciona. Verdadero
0%
Para los humanistas del Renacimiento, la música es creación humana: no existe sin la intervención del compositor y el intérprete. Verdadero
0%
¿Quién de las siguientes figuras fue un teórico fundamental del s. XVI? Zarlino
0%
No se encontraron pruebas coincidentes
Distribución de puntuación
Porcentaje de gente con cada puntuación
Porcentaje por número respondido
Historial de tus puntuaciones
No has intentado esta prueba.